000 00863nam a2200229 a 4500
001 BRCA_6028
005 20190320205314.0
008 200411s2003----mx-a######---#000-0#spa-#
020 _a9681669584
041 _aspa
044 _amx
050 4 _aF1231
_b.G73 2003
245 1 0 _aGrafías del imaginario
_brepresentaciones culturales en España y América (siglos XVI-XVIII)
_cCarlos Alberto González Sánchez y Enriqueta Vila Vilar (compiladores).
260 _aMéxico
_bFCE
_c2003
300 _a641 p.
_bil.
_c23 cm.
440 0 _aSección de obras de historia
_915211
650 1 4 _aHistoria de las mentalidades
_ysiglos XVI-XVIII
_zEspaña
_915212
650 1 4 _aHistoria de las mentalidades
_ysiglos XVI-XVIII
_zAmérica
_915213
700 1 _aGonzález Sánchez, Carlos Alberto
_ecomp.
_915214
700 1 _aVila Vilar, Enriqueta
_ecomp.
_915215
942 _2lcc
_cB
999 _c5716
_d5716